What is it / (Record no. 53616)

MARC details
000 -LEADER
fixed length control field 01500nam a22002777a 4500
005 - DATE AND TIME OF LATEST TRANSACTION
control field 20110705095542.0
020 ## - INTERNATIONAL STANDARD BOOK NUMBER
International Standard Book Number 8182637023
Terms of availability 15.00
020 ## - INTERNATIONAL STANDARD BOOK NUMBER
International Standard Book Number 9788182637023
Terms of availability 15.00
035 ## - SYSTEM CONTROL NUMBER
System control number B-432594-598
037 ## - SOURCE OF ACQUISITION
Stock number DPL
Source of stock number/acquisition Blue Berry
082 ## - DEWEY DECIMAL CLASSIFICATION NUMBER
Classification number S
100 ## - MAIN ENTRY--PERSONAL NAME
Personal name Agarwal, Tanya Luther
245 ## - TITLE STATEMENT
Title What is it /
Statement of responsibility, etc by Tanya Luther Agarwal; illustrated by Partho Sengupta
250 ## - EDITION STATEMENT
Edition statement 2nd
260 ## - PUBLICATION, DISTRIBUTION, ETC. (IMPRINT)
Place of publication, distribution, etc New Delhi
Name of publisher, distributor, etc Pratham Books
Date of publication, distribution, etc 2010
270 ## - ADDRESS
Address 633-634, 4th "C" Main, 6th 'B' Cross, OMBR Layout, Banaswadi
City Bangalore
Postal code 560043
Telephone number 011-65684113
300 ## - PHYSICAL DESCRIPTION
Extent 13p.
Other physical details ill.
Dimensions 17 cm.(pbk)
700 ## - ADDED ENTRY--PERSONAL NAME
9 (RLIN) 29160
942 ## - ADDED ENTRY ELEMENTS (KOHA)
Source of classification or shelving scheme Dewey Decimal Classification
Item type Children Books
Classification part S
Call number suffix AGA
Holdings
Withdrawn status Lost status Not for loan Collection code Home library Current library Date acquired Source of acquisition Cost, normal purchase price Full call number Barcode Copy number Cost, replacement price Koha item type Public note
      Fiction Bawana Bawana 22/07/2011 Blue Berry/6363/25.3.11/83/21.3.11/31.3.11 15.00 S AGA B-432597 1 15.00 Children Books  
      Fiction Central Library Central Library 22/07/2011 Blue Berry/6363/25.3.11/83/21.3.11/31.3.11 15.00 S AGA B-432594 1 15.00 Children Books  
      Fiction Patel Nagar Patel Nagar 22/07/2011 Blue Berry/6363/25.3.11/83/21.3.11/31.3.11 15.00 S AGA B-432595 1 15.00 Children Books  
      Fiction Sarojini Nagar Sarojini Nagar 22/07/2011 Blue Berry/6363/25.3.11/83/21.3.11/31.3.11 15.00 S AGA B-432596 1 15.00 Children Books  
Withdrawn     Fiction Shahdara Branch Shahdara Branch 22/07/2011 Blue Berry/6363/25.3.11/83/21.3.11/31.3.11 15.00 S AGA B-432598 1 15.00 Children Books This book is withdrawn from cirulation due to wear and tear.

© Delhi Public Library
Hit Counter
free hit counter